[Event "Grand Swiss "]
[Date "2025.09.08"]
[White "Pranav, V"]
[Black "Nihal Sarin"]
[WhiteElo "2596"]
[BlackElo "2693"]
[Round "4.4.14"]
[Result "1/2-1/2"]

1. e4 {[%clk 01:40:54] [%emt 00:00:05]} e5 {[%clk 01:39:53] [%emt 00:01:08]} 2.
Nf3 {[%clk 01:41:14] [%emt 00:00:10]} Nc6 {[%clk 01:39:54] [%emt 00:00:29]} 3.
Bb5 {[%clk 01:41:33] [%emt 00:00:11]} Nf6 {[%clk 01:40:16] [%emt 00:00:08]} 4.
O-O {[%clk 01:41:03] [%emt 00:01:00]} Nxe4 {[%clk 01:40:39] [%emt 00:00:07]} 5.
Re1 {[%clk 01:39:19] [%emt 00:02:14]} Nd6 {[%clk 01:40:38] [%emt 00:00:31]} 6.
Nxe5 {[%clk 01:39:40] [%emt 00:00:09]} Be7 {[%clk 01:41:02] [%emt 00:00:06]} 7.
Bf1 {[%clk 01:39:58] [%emt 00:00:11]} Nf5 {[%clk 01:41:09] [%emt 00:00:23]} 8.
Nf3 {[%clk 01:40:12] [%emt 00:00:16]} d5 {[%clk 01:41:11] [%emt 00:00:28]} 9. d4
{[%clk 01:40:27] [%emt 00:00:15]} O-O {[%clk 01:41:33] [%emt 00:00:08]} 10. Nc3
{[%clk 01:40:44] [%emt 00:00:14]} Nh4 {[%clk 01:32:47] [%emt 00:09:16]} 11. Nxh4
{[%clk 01:25:55] [%emt 00:15:19]} Bxh4 {[%clk 01:33:08] [%emt 00:00:08]} 12. Bb5
{[%clk 01:21:41] [%emt 00:04:44]} Ne7 {[%clk 01:18:53] [%emt 00:14:45]} 13. Bd3
{[%clk 01:16:30] [%emt 00:05:41]} Ng6 {[%clk 01:10:46] [%emt 00:08:36]} 14. Qh5
{[%clk 01:11:42] [%emt 00:05:18]} c6 {[%clk 01:09:17] [%emt 00:01:59]} 15. Bf4
{[%clk 01:00:41] [%emt 00:11:30]} Bf6 {[%clk 00:56:20] [%emt 00:13:28]} 16. Ne2
{[%clk 00:50:23] [%emt 00:10:49]} Re8 {[%clk 00:54:40] [%emt 00:02:10]} 17. c3
{[%clk 00:45:59] [%emt 00:04:54]} Bd7 {[%clk 00:55:02] [%emt 00:00:08]} 18. Bg3
{[%clk 00:41:29] [%emt 00:05:01]} a5 {[%clk 00:53:17] [%emt 00:02:14]} 19. Nf4
{[%clk 00:37:06] [%emt 00:04:53]} a4 {[%clk 00:43:05] [%emt 00:10:43]} 20. Rxe8+
{[%clk 00:36:39] [%emt 00:00:56]} Qxe8 {[%clk 00:42:02] [%emt 00:01:33]} 21. a3
{[%clk 00:36:42] [%emt 00:00:28]} Qe7 {[%clk 00:41:12] [%emt 00:01:19]} 22. Qd1
{[%clk 00:36:25] [%emt 00:00:48]} Bg5 {[%clk 00:38:16] [%emt 00:03:26]} 23. Nxg6
{[%clk 00:36:24] [%emt 00:00:31]} hxg6 {[%clk 00:37:51] [%emt 00:00:55]} 24. Qf3
{[%clk 00:35:11] [%emt 00:01:42]} Re8 {[%clk 00:36:10] [%emt 00:02:13]} 25. h3
{[%clk 00:35:22] [%emt 00:00:18]} Qf6 {[%clk 00:29:26] [%emt 00:07:14]} 26. Qxf6
{[%clk 00:34:52] [%emt 00:01:01]} Bxf6 {[%clk 00:24:37] [%emt 00:05:19]} 27. Bf4
{[%clk 00:35:05] [%emt 00:00:16]} Bf5 {[%clk 00:23:12] [%emt 00:01:55]} 28. Bf1
{[%clk 00:34:23] [%emt 00:01:11]} g5 {[%clk 00:19:28] [%emt 00:04:15]} 29. Bd2
{[%clk 00:34:20] [%emt 00:00:33]} Be7 {[%clk 00:12:46] [%emt 00:07:12]} 30. Re1
{[%clk 00:33:50] [%emt 00:01:00]} f6 {[%clk 00:13:01] [%emt 00:00:15]} 31. f3
{[%clk 00:28:30] [%emt 00:05:51]} Kf8 {[%clk 00:12:34] [%emt 00:00:58]} 32. Kf2
{[%clk 00:28:41] [%emt 00:00:18]} Ra8 {[%clk 00:12:02] [%emt 00:01:02]} 33. Be2
{[%clk 00:28:31] [%emt 00:00:40]} Bd6 {[%clk 00:11:57] [%emt 00:00:35]} 34. Rh1
{[%clk 00:27:44] [%emt 00:01:17]} Kf7 {[%clk 00:10:46] [%emt 00:01:41]} 35. g4
{[%clk 00:26:37] [%emt 00:01:37]} Bc2 {[%clk 00:09:27] [%emt 00:01:48]} 36. c4
{[%clk 00:25:51] [%emt 00:01:17]} dxc4 {[%clk 00:02:59] [%emt 00:06:58]} 37.
Bxc4+ {[%clk 00:26:15] [%emt 00:00:06]} Ke7 {[%clk 00:03:27] [%emt 00:00:02]}
38. h4 {[%clk 00:24:52] [%emt 00:01:53]} gxh4 {[%clk 00:03:48] [%emt 00:00:09]}
39. Rxh4 {[%clk 00:25:20] [%emt 00:00:02]} b5 {[%clk 00:03:32] [%emt 00:00:47]}
40. Be2 {[%clk 00:24:41] [%emt 00:01:08]} Rb8 {[%clk 00:01:28] [%emt 00:02:33]}
41. g5 {[%clk 00:05:47] [%emt 00:19:24]} b4 {[%clk 00:48:56] [%emt 00:03:02]}
42. gxf6+ {[%clk 00:55:39] [%emt 00:00:38]} gxf6 {[%clk 00:49:20] [%emt
00:00:06]} 43. axb4 {[%clk 00:54:29] [%emt 00:01:41]} Bxb4 {[%clk 00:48:45]
[%emt 00:01:05]} 44. Bc1 {[%clk 00:52:37] [%emt 00:02:22]} Bd6 {[%clk 00:48:11]
[%emt 00:01:03]} 45. f4 {[%clk 00:44:08] [%emt 00:08:59]} c5 {[%clk 00:19:49]
[%emt 00:28:52]} 46. Ke3 {[%clk 00:40:02] [%emt 00:04:36]} Bb1 {[%clk 00:13:42]
[%emt 00:06:37]} 47. dxc5 {[%clk 00:37:32] [%emt 00:03:00]} Bxc5+ {[%clk
00:14:05] [%emt 00:00:07]} 48. Kd2 {[%clk 00:37:52] [%emt 00:00:10]} Rb4 {[%clk
00:04:27] [%emt 00:10:09]} 49. Rh5 {[%clk 00:33:15] [%emt 00:05:07]} Bd6 {[%clk
00:02:51] [%emt 00:02:06]} 50. Kc3 {[%clk 00:28:40] [%emt 00:05:05]} Re4 {[%clk
00:03:16] [%emt 00:00:05]} 51. Bc4 {[%clk 00:28:58] [%emt 00:00:12]} Bxf4 {[%clk
00:03:23] [%emt 00:00:22]} 52. Bxf4 {[%clk 00:29:12] [%emt 00:00:17]} Rxf4
{[%clk 00:03:52] [%emt 00:00:01]} 53. Ra5 {[%clk 00:27:52] [%emt 00:01:50]} Bc2
{[%clk 00:04:16] [%emt 00:00:06]} 54. Ra7+ {[%clk 00:27:59] [%emt 00:00:23]} Kd6
{[%clk 00:04:21] [%emt 00:00:25]} 55. Ra6+ {[%clk 00:27:03] [%emt 00:01:26]} Kc5
{[%clk 00:04:40] [%emt 00:00:10]} 56. Ra5+ {[%clk 00:27:18] [%emt 00:00:16]} Kb6
{[%clk 00:05:02] [%emt 00:00:07]} 57. Rb5+ {[%clk 00:22:48] [%emt 00:05:01]} Kc6
{[%clk 00:05:01] [%emt 00:00:31]} 58. Rb4 {[%clk 00:22:48] [%emt 00:00:30]} Rf2
{[%clk 00:04:38] [%emt 00:00:53]} 59. Bf7 {[%clk 00:23:12] [%emt 00:00:07]} Kd7
{[%clk 00:02:18] [%emt 00:02:49]} 60. Bc4 {[%clk 00:22:58] [%emt 00:00:44]} Kd6
{[%clk 00:02:16] [%emt 00:00:32]} 61. Bf7 {[%clk 00:23:02] [%emt 00:00:26]} f5
{[%clk 00:09:44] [%emt 00:08:03]} 62. Be8 {[%clk 00:38:04] [%emt 00:00:28]} f4
{[%clk 00:09:55] [%emt 00:00:18]} 63. Bxa4 {[%clk 00:38:09] [%emt 00:00:25]} Bb1
{[%clk 00:10:02] [%emt 00:00:23]} 64. Bd1 {[%clk 00:36:16] [%emt 00:02:22]} Ke5
{[%clk 00:09:53] [%emt 00:00:39]} 65. Rb8 {[%clk 00:36:13] [%emt 00:00:33]} f3
{[%clk 00:09:52] [%emt 00:00:31]} 66. Re8+ {[%clk 00:36:11] [%emt 00:00:31]} Kf4
{[%clk 00:09:49] [%emt 00:00:33]} *

[Site "Europe Echecs"]

[Event "Grand Swiss "]
[Date "2025.09.08"]
[White "Esipenko, Andrey"]
[Black "Suleymanli, Aydin"]
[WhiteElo "2687"]
[BlackElo "2602"]
[Round "4.4.15"]
[Result "1/2-1/2"]

1. e4 {[%clk 01:40:55] [%emt 00:00:04]} e5 {[%clk 01:40:53] [%emt 00:00:07]} 2.
Nf3 {[%clk 01:41:18] [%emt 00:00:08]} Nc6 {[%clk 01:41:20] [%emt 00:00:04]} 3.
Bc4 {[%clk 01:41:36] [%emt 00:00:12]} Nf6 {[%clk 01:41:43] [%emt 00:00:07]} 4.
d3 {[%clk 01:41:55] [%emt 00:00:10]} Bc5 {[%clk 01:42:01] [%emt 00:00:12]} 5.
Nc3 {[%clk 01:41:32] [%emt 00:00:53]} h6 {[%clk 01:42:02] [%emt 00:00:29]} 6. h3
{[%clk 01:41:48] [%emt 00:00:14]} a6 {[%clk 01:41:54] [%emt 00:00:38]} 7. Bd5
{[%clk 01:42:00] [%emt 00:00:18]} Qe7 {[%clk 01:33:47] [%emt 00:08:37]} 8. O-O
{[%clk 01:42:09] [%emt 00:00:21]} O-O {[%clk 01:29:07] [%emt 00:05:10]} 9. Bxc6
{[%clk 01:42:22] [%emt 00:00:17]} dxc6 {[%clk 01:25:47] [%emt 00:03:50]} 10. Ne2
{[%clk 01:41:14] [%emt 00:01:37]} Rd8 {[%clk 01:19:59] [%emt 00:06:18]} 11. Ng3
{[%clk 01:41:15] [%emt 00:00:29]} Nh7 {[%clk 01:19:22] [%emt 00:01:07]} 12. Kh1
{[%clk 01:33:52] [%emt 00:07:53]} Nf8 {[%clk 01:13:28] [%emt 00:06:25]} 13. Nh2
{[%clk 01:11:10] [%emt 00:23:12]} Qh4 {[%clk 01:10:16] [%emt 00:03:41]} 14. Qe1
{[%clk 01:02:00] [%emt 00:09:40]} Bd6 {[%clk 01:01:42] [%emt 00:09:04]} 15. Be3
{[%clk 00:56:33] [%emt 00:05:57]} c5 {[%clk 00:57:49] [%emt 00:04:23]} 16. f3
{[%clk 00:53:43] [%emt 00:03:20]} Ng6 {[%clk 00:38:24] [%emt 00:19:54]} 17. Bf2
{[%clk 00:53:31] [%emt 00:00:43]} Qg5 {[%clk 00:36:57] [%emt 00:01:56]} 18. Ng4
{[%clk 00:51:45] [%emt 00:02:16]} Re8 {[%clk 00:34:27] [%emt 00:03:00]} 19. Ne3
{[%clk 00:45:11] [%emt 00:07:05]} Qd8 {[%clk 00:33:08] [%emt 00:01:49]} 20. a4
{[%clk 00:35:13] [%emt 00:10:28]} a5 {[%clk 00:32:50] [%emt 00:00:48]} 21. Bg1
{[%clk 00:33:17] [%emt 00:02:26]} Be6 {[%clk 00:27:02] [%emt 00:06:18]} 22. b3
{[%clk 00:33:06] [%emt 00:00:41]} b6 {[%clk 00:26:31] [%emt 00:01:00]} 23. Ngf5
{[%clk 00:30:05] [%emt 00:03:32]} Bf8 {[%clk 00:22:27] [%emt 00:04:34]} 24. Bh2
{[%clk 00:24:19] [%emt 00:06:16]} f6 {[%clk 00:21:10] [%emt 00:01:48]} 25. Ng3
{[%clk 00:19:38] [%emt 00:05:09]} Nf4 {[%clk 00:21:14] [%emt 00:00:25]} 26. Ne2
{[%clk 00:18:51] [%emt 00:01:17]} Bd6 {[%clk 00:20:40] [%emt 00:01:05]} 27. Qd2
{[%clk 00:17:59] [%emt 00:01:21]} Qd7 {[%clk 00:18:46] [%emt 00:02:25]} 28. Rf2
{[%clk 00:14:05] [%emt 00:04:24]} Rad8 {[%clk 00:15:40] [%emt 00:03:36]} 29. Nd1
{[%clk 00:14:05] [%emt 00:00:29]} Ng6 {[%clk 00:13:17] [%emt 00:02:53]} 30. Ne3
{[%clk 00:11:59] [%emt 00:02:37]} Nf4 {[%clk 00:13:13] [%emt 00:00:33]} 31. Nd1
{[%clk 00:11:01] [%emt 00:01:28]} Ng6 {[%clk 00:13:19] [%emt 00:00:25]} 1/2-1/2

[Site "Europe Echecs"]

[Event "Grand Swiss "]
[Date "2025.09.08"]
[White "Kuzubov, Yuriy"]
[Black "Yakubboev, Nodirbek"]
[WhiteElo "2600"]
[BlackElo "2681"]
[Round "4.4.16"]
[Result "0-1"]

1. Nf3 {[%clk 01:40:55] [%emt 00:00:04]} d5 {[%clk 01:39:26] [%emt 00:01:35]} 2.
g3 {[%clk 01:39:30] [%emt 00:01:54]} Nc6 {[%clk 01:37:19] [%emt 00:02:38]} 3. d4
{[%clk 01:39:47] [%emt 00:00:13]} Bf5 {[%clk 01:37:43] [%emt 00:00:06]} 4. Bg2
{[%clk 01:39:48] [%emt 00:00:29]} Nb4 {[%clk 01:37:09] [%emt 00:01:05]} 5. Na3
{[%clk 01:39:55] [%emt 00:00:23]} e6 {[%clk 01:37:34] [%emt 00:00:06]} 6. Nh4
{[%clk 01:25:04] [%emt 00:15:19]} Bg4 {[%clk 01:32:37] [%emt 00:05:28]} 7. O-O
{[%clk 01:14:44] [%emt 00:10:50]} Nf6 {[%clk 01:30:52] [%emt 00:02:16]} 8. c4
{[%clk 00:55:48] [%emt 00:19:26]} c6 {[%clk 01:30:04] [%emt 00:01:18]} 9. b3
{[%clk 00:48:34] [%emt 00:07:44]} Bh5 {[%clk 01:24:11] [%emt 00:06:23]} 10. Bb2
{[%clk 00:43:18] [%emt 00:05:45]} Ne4 {[%clk 01:13:30] [%emt 00:11:11]} 11. Nf3
{[%clk 00:40:18] [%emt 00:03:30]} Be7 {[%clk 00:59:49] [%emt 00:14:12]} 12. Nb1
{[%clk 00:38:18] [%emt 00:02:30]} a5 {[%clk 00:58:05] [%emt 00:02:14]} 13. Nc3
{[%clk 00:37:59] [%emt 00:00:48]} O-O {[%clk 00:53:26] [%emt 00:05:09]} 14. a3
{[%clk 00:24:56] [%emt 00:13:33]} Na6 {[%clk 00:53:41] [%emt 00:00:16]} 15. Ne5
{[%clk 00:24:26] [%emt 00:01:00]} f5 {[%clk 00:40:31] [%emt 00:13:40]} 16. f3
{[%clk 00:16:11] [%emt 00:08:45]} Nxc3 {[%clk 00:36:41] [%emt 00:04:21]} 17.
Bxc3 {[%clk 00:16:36] [%emt 00:00:05]} Nb8 {[%clk 00:37:02] [%emt 00:00:09]} 18.
g4 {[%clk 00:13:30] [%emt 00:03:36]} fxg4 {[%clk 00:31:46] [%emt 00:05:46]} 19.
fxg4 {[%clk 00:13:50] [%emt 00:00:09]} Rxf1+ {[%clk 00:29:10] [%emt 00:03:06]}
20. Qxf1 {[%clk 00:13:41] [%emt 00:00:38]} Be8 {[%clk 00:29:39] [%emt 00:00:02]}
21. e4 {[%clk 00:11:07] [%emt 00:03:04]} Nd7 {[%clk 00:29:06] [%emt 00:01:03]}
22. exd5 {[%clk 00:07:41] [%emt 00:03:56]} Nxe5 {[%clk 00:26:41] [%emt
00:02:56]} 23. dxe5 {[%clk 00:08:04] [%emt 00:00:07]} cxd5 {[%clk 00:27:07]
[%emt 00:00:05]} 24. cxd5 {[%clk 00:08:05] [%emt 00:00:28]} exd5 {[%clk
00:26:41] [%emt 00:00:56]} 25. Bd4 {[%clk 00:05:58] [%emt 00:02:37]} Ra6 {[%clk
00:19:03] [%emt 00:08:08]} 26. a4 {[%clk 00:04:39] [%emt 00:01:48]} Rg6 {[%clk
00:18:57] [%emt 00:00:36]} 27. Qf3 {[%clk 00:04:18] [%emt 00:00:52]} Bf7 {[%clk
00:17:34] [%emt 00:01:53]} 28. Rf1 {[%clk 00:04:30] [%emt 00:00:18]} Be6 {[%clk
00:15:52] [%emt 00:02:12]} 29. h3 {[%clk 00:04:55] [%emt 00:00:04]} h5 {[%clk
00:14:36] [%emt 00:01:46]} 30. gxh5 {[%clk 00:04:21] [%emt 00:01:04]} Rg5 {[%clk
00:15:05] [%emt 00:00:01]} 31. Kh1 {[%clk 00:02:44] [%emt 00:02:07]} Qe8 {[%clk
00:12:45] [%emt 00:02:50]} 32. h6 {[%clk 00:03:04] [%emt 00:00:10]} gxh6 {[%clk
00:12:13] [%emt 00:01:02]} 33. Be3 {[%clk 00:03:01] [%emt 00:00:32]} Rg6 {[%clk
00:12:42] [%emt 00:00:01]} 34. Qh5 {[%clk 00:02:45] [%emt 00:00:46]} Kh7 {[%clk
00:13:11] [%emt 00:00:02]} 35. Bf3 {[%clk 00:01:27] [%emt 00:01:47]} Qg8 {[%clk
00:07:03] [%emt 00:06:38]} 36. Bf4 {[%clk 00:00:46] [%emt 00:01:12]} Bg5 {[%clk
00:02:17] [%emt 00:05:16]} 37. Bh2 {[%clk 00:00:52] [%emt 00:00:23]} Be3 {[%clk
00:01:48] [%emt 00:01:00]} 38. Qh4 {[%clk 00:00:59] [%emt 00:00:22]} Rg5 {[%clk
00:01:46] [%emt 00:00:31]} 39. Bf4 {[%clk 00:00:32] [%emt 00:00:58]} Rg1+ {[%clk
00:01:59] [%emt 00:00:16]} 40. Kh2 {[%clk 00:00:40] [%emt 00:00:22]} Bxf4+
{[%clk 00:02:25] [%emt 00:00:05]} 0-1

[Site "Europe Echecs"]

[Event "Grand Swiss "]
[Date "2025.09.08"]
[White "Henriquez Villagra, Cristobal"]
[Black "Bluebaum, Matthias"]
[WhiteElo "2594"]
[BlackElo "2671"]
[Round "4.4.17"]
[Result "0-1"]

1. e4 {[%clk 01:40:57] [%emt 00:00:02]} e5 {[%clk 01:40:54] [%emt 00:00:06]} 2.
Nf3 {[%clk 01:41:22] [%emt 00:00:05]} Nf6 {[%clk 01:41:19] [%emt 00:00:05]} 3.
d4 {[%clk 01:41:13] [%emt 00:00:39]} Nxe4 {[%clk 01:41:38] [%emt 00:00:11]} 4.
Bd3 {[%clk 01:41:34] [%emt 00:00:09]} d5 {[%clk 01:41:50] [%emt 00:00:18]} 5.
Nxe5 {[%clk 01:41:44] [%emt 00:00:20]} Nd7 {[%clk 01:41:59] [%emt 00:00:21]} 6.
Nc3 {[%clk 01:41:37] [%emt 00:00:37]} Nxe5 {[%clk 01:41:26] [%emt 00:01:03]} 7.
dxe5 {[%clk 01:41:58] [%emt 00:00:09]} Nxc3 {[%clk 01:41:51] [%emt 00:00:05]} 8.
bxc3 {[%clk 01:42:23] [%emt 00:00:05]} Bc5 {[%clk 01:42:17] [%emt 00:00:04]} 9.
Qh5 {[%clk 01:33:07] [%emt 00:09:46]} h6 {[%clk 01:41:46] [%emt 00:01:02]} 10.
O-O {[%clk 01:31:21] [%emt 00:02:15]} Qe7 {[%clk 01:41:40] [%emt 00:00:36]} 11.
a4 {[%clk 01:20:38] [%emt 00:11:14]} Bd7 {[%clk 01:33:16] [%emt 00:08:54]} 12.
Bf4 {[%clk 01:09:58] [%emt 00:11:10]} O-O-O {[%clk 01:21:31] [%emt 00:12:14]}
13. Rfe1 {[%clk 01:05:16] [%emt 00:05:12]} Kb8 {[%clk 01:16:56] [%emt 00:05:05]}
14. Qf3 {[%clk 01:02:21] [%emt 00:03:25]} Bc6 {[%clk 01:11:34] [%emt 00:05:52]}
15. Bb5 {[%clk 01:01:12] [%emt 00:01:39]} Qe6 {[%clk 01:11:50] [%emt 00:00:14]}
16. Rab1 {[%clk 01:00:09] [%emt 00:01:33]} Bb6 {[%clk 01:03:34] [%emt 00:08:46]}
17. Bg3 {[%clk 00:52:14] [%emt 00:08:25]} Rhf8 {[%clk 01:00:22] [%emt 00:03:42]}
18. Re2 {[%clk 00:51:06] [%emt 00:01:38]} g5 {[%clk 00:48:33] [%emt 00:12:19]}
19. h3 {[%clk 00:46:07] [%emt 00:05:28]} a6 {[%clk 00:41:16] [%emt 00:07:48]}
20. Bxc6 {[%clk 00:28:59] [%emt 00:17:38]} Qxc6 {[%clk 00:40:40] [%emt
00:01:06]} 21. Qf6 {[%clk 00:27:43] [%emt 00:01:46]} Qxf6 {[%clk 00:37:27] [%emt
00:03:44]} 22. exf6 {[%clk 00:28:11] [%emt 00:00:02]} Kc8 {[%clk 00:37:50] [%emt
00:00:07]} 23. Re7 {[%clk 00:27:12] [%emt 00:01:30]} Rd7 {[%clk 00:36:56] [%emt
00:01:24]} 24. Re5 {[%clk 00:27:37] [%emt 00:00:05]} Rd6 {[%clk 00:24:44] [%emt
00:12:41]} 25. Rd1 {[%clk 00:26:10] [%emt 00:01:56]} Rfd8 {[%clk 00:23:01] [%emt
00:02:13]} 26. h4 {[%clk 00:22:28] [%emt 00:04:13]} Rxf6 {[%clk 00:19:42] [%emt
00:03:50]} 27. hxg5 {[%clk 00:20:52] [%emt 00:02:06]} hxg5 {[%clk 00:20:08]
[%emt 00:00:04]} 28. Rxg5 {[%clk 00:13:33] [%emt 00:07:49]} Rc6 {[%clk 00:20:26]
[%emt 00:00:12]} 29. Rgxd5 {[%clk 00:12:55] [%emt 00:01:09]} Rxd5 {[%clk
00:20:43] [%emt 00:00:12]} 30. Rxd5 {[%clk 00:13:14] [%emt 00:00:12]} Rxc3
{[%clk 00:21:04] [%emt 00:00:08]} 31. Bh4 {[%clk 00:13:25] [%emt 00:00:19]} c5
{[%clk 00:17:57] [%emt 00:03:38]} 32. Rf5 {[%clk 00:11:41] [%emt 00:02:14]} Rxc2
{[%clk 00:16:09] [%emt 00:02:18]} 33. g4 {[%clk 00:10:44] [%emt 00:01:26]} Rc4
{[%clk 00:07:41] [%emt 00:08:58]} 34. f3 {[%clk 00:10:40] [%emt 00:00:35]} Rxa4
{[%clk 00:08:07] [%emt 00:00:04]} 35. Bf2 {[%clk 00:09:57] [%emt 00:01:13]} Bc7
{[%clk 00:06:10] [%emt 00:02:27]} 36. Rxf7 {[%clk 00:08:38] [%emt 00:01:49]} c4
{[%clk 00:06:36] [%emt 00:00:04]} 37. Rf8+ {[%clk 00:03:50] [%emt 00:05:18]} Kd7
{[%clk 00:07:02] [%emt 00:00:04]} 38. Rf7+ {[%clk 00:04:17] [%emt 00:00:03]} Kc6
{[%clk 00:06:48] [%emt 00:00:43]} 39. Rf6+ {[%clk 00:04:38] [%emt 00:00:10]} Kd5
{[%clk 00:05:32] [%emt 00:01:46]} 40. Rf5+ {[%clk 00:01:11] [%emt 00:03:57]} Ke6
{[%clk 00:05:19] [%emt 00:00:43]} 41. Bd4 {[%clk 00:35:52] [%emt 00:15:49]} Ra3
{[%clk 00:50:32] [%emt 00:05:18]} 42. Kf2 {[%clk 00:34:13] [%emt 00:02:09]} Rd3
{[%clk 00:48:49] [%emt 00:02:13]} 43. Be3 {[%clk 00:33:24] [%emt 00:01:19]} b5
{[%clk 00:49:04] [%emt 00:00:14]} 44. Rh5 {[%clk 00:33:29] [%emt 00:00:24]} b4
{[%clk 00:45:40] [%emt 00:03:55]} 0-1

[Site "Europe Echecs"]

[Event "Grand Swiss "]
[Date "2025.09.08"]
[White "Moussard, Jules"]
[Black "Vitiugov, Nikita"]
[WhiteElo "2591"]
[BlackElo "2666"]
[Round "4.4.18"]
[Result "0-1"]

1. e4 {[%clk 01:40:55] [%emt 00:00:03]} e5 {[%clk 01:40:39] [%emt 00:00:21]} 2.
Nf3 {[%clk 01:41:18] [%emt 00:00:07]} Nc6 {[%clk 01:41:05] [%emt 00:00:05]} 3.
Bb5 {[%clk 01:41:38] [%emt 00:00:10]} a6 {[%clk 01:41:15] [%emt 00:00:21]} 4.
Ba4 {[%clk 01:42:01] [%emt 00:00:06]} Nf6 {[%clk 01:41:39] [%emt 00:00:06]} 5.
O-O {[%clk 01:42:12] [%emt 00:00:19]} Be7 {[%clk 01:41:49] [%emt 00:00:20]} 6.
Bxc6 {[%clk 01:41:56] [%emt 00:00:46]} dxc6 {[%clk 01:42:11] [%emt 00:00:08]} 7.
Nc3 {[%clk 01:42:17] [%emt 00:00:09]} Bg4 {[%clk 01:39:01] [%emt 00:03:41]} 8.
h3 {[%clk 01:41:15] [%emt 00:01:31]} Bh5 {[%clk 01:35:23] [%emt 00:04:08]} 9.
Qe2 {[%clk 01:41:02] [%emt 00:00:43]} Bc5 {[%clk 01:32:34] [%emt 00:03:19]} 10.
Nd1 {[%clk 01:38:04] [%emt 00:03:29]} Nd7 {[%clk 01:24:15] [%emt 00:08:49]} 11.
d3 {[%clk 01:18:57] [%emt 00:19:36]} f6 {[%clk 01:09:48] [%emt 00:14:57]} 12.
Ne3 {[%clk 01:14:14] [%emt 00:05:13]} Bxe3 {[%clk 01:03:15] [%emt 00:07:03]} 13.
Bxe3 {[%clk 01:08:13] [%emt 00:06:31]} c5 {[%clk 00:56:13] [%emt 00:07:32]} 14.
g4 {[%clk 01:02:12] [%emt 00:06:31]} Bf7 {[%clk 00:56:30] [%emt 00:00:13]} 15.
Nh4 {[%clk 00:50:43] [%emt 00:11:58]} h5 {[%clk 00:48:43] [%emt 00:08:18]} 16.
g5 {[%clk 00:30:31] [%emt 00:20:42]} fxg5 {[%clk 00:47:43] [%emt 00:01:30]} 17.
Nf3 {[%clk 00:30:41] [%emt 00:00:19]} g4 {[%clk 00:46:22] [%emt 00:01:51]} 18.
Ng5 {[%clk 00:30:15] [%emt 00:00:56]} Qe7 {[%clk 00:42:29] [%emt 00:04:23]} 19.
f4 {[%clk 00:28:50] [%emt 00:01:55]} exf4 {[%clk 00:35:36] [%emt 00:07:24]} 20.
Bxf4 {[%clk 00:27:41] [%emt 00:01:39]} Bg6 {[%clk 00:35:48] [%emt 00:00:18]} 21.
h4 {[%clk 00:22:38] [%emt 00:05:33]} O-O-O {[%clk 00:32:45] [%emt 00:03:34]} 22.
b3 {[%clk 00:22:18] [%emt 00:00:50]} Ne5 {[%clk 00:29:36] [%emt 00:03:39]} 23.
Rf2 {[%clk 00:20:29] [%emt 00:02:19]} Rhf8 {[%clk 00:28:37] [%emt 00:01:29]} 24.
Qe3 {[%clk 00:18:35] [%emt 00:02:23]} Rf6 {[%clk 00:27:40] [%emt 00:01:27]} 25.
Raf1 {[%clk 00:17:56] [%emt 00:01:09]} Rdf8 {[%clk 00:21:20] [%emt 00:06:50]}
26. Bg3 {[%clk 00:18:07] [%emt 00:00:19]} Nc6 {[%clk 00:19:55] [%emt 00:01:55]}
27. c3 {[%clk 00:12:48] [%emt 00:05:48]} Rd8 {[%clk 00:14:16] [%emt 00:06:09]}
28. Bf4 {[%clk 00:12:56] [%emt 00:00:22]} b6 {[%clk 00:11:11] [%emt 00:03:36]}
29. Rd2 {[%clk 00:11:09] [%emt 00:02:16]} Ne5 {[%clk 00:08:55] [%emt 00:02:46]}
30. d4 {[%clk 00:10:24] [%emt 00:01:14]} Nf7 {[%clk 00:08:30] [%emt 00:00:56]}
31. e5 {[%clk 00:04:45] [%emt 00:06:09]} Rf5 {[%clk 00:08:36] [%emt 00:00:23]}
32. Ne4 {[%clk 00:03:28] [%emt 00:01:48]} Qe6 {[%clk 00:05:48] [%emt 00:03:19]}
33. Ng3 {[%clk 00:03:21] [%emt 00:00:36]} Nh6 {[%clk 00:05:54] [%emt 00:00:24]}
34. Qe4 {[%clk 00:03:04] [%emt 00:00:47]} Qd5 {[%clk 00:04:49] [%emt 00:01:36]}
35. Qxd5 {[%clk 00:02:21] [%emt 00:01:12]} Rxd5 {[%clk 00:05:18] [%emt
00:00:01]} 36. Nxf5 {[%clk 00:01:08] [%emt 00:01:43]} Nxf5 {[%clk 00:05:46]
[%emt 00:00:02]} 37. dxc5 {[%clk 00:01:02] [%emt 00:00:37]} Rxc5 {[%clk
00:02:37] [%emt 00:03:38]} 38. e6 {[%clk 00:01:21] [%emt 00:00:11]} Nxh4 {[%clk
00:02:53] [%emt 00:00:14]} 39. Rd7 {[%clk 00:00:39] [%emt 00:01:13]} Bf5 {[%clk
00:00:37] [%emt 00:02:47]} 40. Re7 {[%clk 00:00:52] [%emt 00:00:16]} Nf3+ {[%clk
00:00:38] [%emt 00:00:29]} 41. Kf2 {[%clk 00:48:28] [%emt 00:02:53]} g5 {[%clk
00:31:57] [%emt 00:19:11]} 42. Be3 {[%clk 00:39:59] [%emt 00:08:59]} Re5 {[%clk
00:27:17] [%emt 00:05:10]} 43. Rd1 {[%clk 00:33:29] [%emt 00:07:00]} Bxe6 {[%clk
00:21:18] [%emt 00:06:30]} 44. Bxb6 {[%clk 00:32:07] [%emt 00:01:52]} cxb6
{[%clk 00:20:30] [%emt 00:01:18]} 45. Rd6 {[%clk 00:32:32] [%emt 00:00:04]} Rf5
{[%clk 00:15:39] [%emt 00:05:20]} 46. Ke3 {[%clk 00:26:36] [%emt 00:06:26]} Re5+
{[%clk 00:10:41] [%emt 00:05:28]} 47. Kf2 {[%clk 00:27:00] [%emt 00:00:06]} Rf5
{[%clk 00:10:02] [%emt 00:01:10]} 48. Ke3 {[%clk 00:27:25] [%emt 00:00:04]} Bf7
{[%clk 00:10:21] [%emt 00:00:12]} 49. Rdd7 {[%clk 00:23:50] [%emt 00:04:06]}
Re5+ {[%clk 00:10:10] [%emt 00:00:40]} 50. Kf2 {[%clk 00:23:49] [%emt 00:00:30]}
Rxe7 {[%clk 00:09:17] [%emt 00:01:23]} 51. Rxe7 {[%clk 00:24:15] [%emt
00:00:04]} Bd5 {[%clk 00:08:51] [%emt 00:00:56]} 52. Kg3 {[%clk 00:23:16] [%emt
00:01:29]} Nd2 {[%clk 00:08:09] [%emt 00:01:12]} 0-1

[Site "Europe Echecs"]